000 00355nam a22001217a 4500
999 _c1834
_d1834
005 20200903162143.0
008 200903b ||||| |||| 00| 0 eng d
020 _a023004433
040 _cCML
245 _aClerical Accounting.
_cHarrison, J. and Dawber, R.
260 _aNairobi
_bPitman Publishing
_c1976
942 _2ddc
_cBK
_h657.042
_mDAW